|
|
|
|
| LEADER |
00000nam a2200000Ia 4500 |
| 008 |
170925b1988 cr ||||| |||| 00| | spa d |
| 999 |
|
|
|c 1407
|d 1407
|
| 090 |
|
|
|a 06.01.01
|b 716
|
| 111 |
2 |
|
|a Encuentro Regional de Investigadores en la Enseñanza de las Ciencias y la Matemática (2° : 1987 : San José, Costa Rica)
|9 3195
|
| 245 |
1 |
0 |
|a Memoria
|
| 260 |
|
|
|a San José, Costa Rica :
|b IIMEC,
|c 1988
|
| 300 |
|
|
|a 274 páginas
|
| 500 |
|
|
|a Algunas ponencias en inglés
|
| 650 |
1 |
4 |
|a INVESTIGACIÓN EDUCATIVA
|9 326
|
| 650 |
1 |
4 |
|a ENSEÑANZA DE LAS CIENCIAS
|9 996
|
| 650 |
1 |
4 |
|a MATEMÁTICAS
|9 482
|
| 650 |
1 |
4 |
|a CONFERENCIA
|9 506
|
| 711 |
1 |
|
|a Encuentro Regional de Investigadores en la Enseñanza de las Ciencias y la Matemática (2° : 1987 : San José, Costa Rica)
|9 3195
|
| 942 |
|
|
|i 001159
|h 06.01.01 716
|2 z
|c 01
|